Veinte mensajes de mi tierra

Furkejuvvon:
Bibliográfalaš dieđut
Váldodahkki: Sireau Romain, Albert (Dahkki)
Materiálatiipa: Girji
Giella:espánnjágiella
Almmustuhtton: San Antonio s.n 1995
Fáttát:
Fáddágilkorat: Lasit fáddágilkoriid
Eai fáddágilkorat, Lasit vuosttaš fáddágilkora!

MARC

LEADER 00000nam a2200000 a 4500
001 UCU7443
003 CL-VaPUC
008 960705e19950000cl |||||||||||||||||spa|d
082 0 4 |a 372.357  |b SIR  |2 21 
100 0 |a Sireau Romain, Albert  |e author  |9 366283 
245 1 0 |a Veinte mensajes de mi tierra 
300 |a 20 p 
942 |c BK 
945 |d 19960705 00:00:00  |a rbrito 
260 |a San Antonio  |b s.n  |c 1995 
650 0 |a Medio ambiente  |9 257625 
650 0 |a Educación ambiental  |9 262920 
650 0 |a Protección del medio ambiente  |9 257626 
650 7 |a HOMBRE INFLUENCIA SOBRE LA NATURALEZA  |2 CL-VaPUC  |9 261172 
583 |a last modification  |c 20171228 02:34:20  |k Rodrigo Vera 
999 |c 250088  |d 250086 
952 |0 0  |1 0  |4 0  |6 372_357000000000000_SIR_1995  |7 0  |8 P  |9 267873  |a BIBEDU  |b BIBEDU  |c BIBEDU_PB  |d 2019-11-19  |i 3204332  |o 372.357 SIR 1995  |p 3204332  |r 2024-01-25  |w 2019-11-19  |y BK  |k EDU